El derecho como facultad en la Neoescolástica española del siglo XVI
Saved in:
| 主要作者: | |
|---|---|
| 格式: | 图书 |
| 语言: | 西班牙语 |
| 出版: |
Madrid
Iustel
2009
|
| 版: | 1a. ed |
| 丛编: | Biblioteca Jurídica Básica
|
| 主题: | |
| 标签: |
添加标签
没有标签, 成为第一个标记此记录!
|
MARC
| LEADER | 00000cam a2200000 a 4500 | ||
|---|---|---|---|
| 001 | UCH1205 | ||
| 003 | CL-VaPUC | ||
| 008 | 090409e20090000SP |||||||||||||||||spa|d | ||
| 020 | |a 9788498900385 | ||
| 082 | 0 | 4 | |a 189.4 |b GUZ |2 21 |
| 100 | |a Guzmán Brito, Alejandro Ángel |e autor |9 388 | ||
| 245 | 1 | 3 | |a El derecho como facultad en la Neoescolástica española del siglo XVI |
| 250 | |a 1a. ed | ||
| 300 | |a 276 p | ||
| 942 | |c BK | ||
| 945 | |d 20090409 00:00:00 |a dcastane | ||
| 260 | |a Madrid |b Iustel |c 2009 | ||
| 650 | 7 | |a NEOESCOLASTICISMO ESPAÑOL |2 CL-VaPUC |9 535587 | |
| 651 | 0 | |a España |9 254926 | |
| 583 | |a last modification |c 20160817 05:21:33 |k Rodrigo Vera | ||
| 490 | 0 | |a Biblioteca Jurídica Básica | |
| 999 | |c 333267 |d 333265 | ||
| 952 | |0 0 |1 0 |4 0 |6 189_400000000000000_GUZ_2009 |7 0 |8 A |9 421531 |a BIBDER |b BIBDER |d 2019-11-22 |i 4536932 |l 2 |o 189.4 GUZ 2009 |p 4536932 |r 2023-03-10 |s 2023-03-06 |w 2019-11-22 |y BK |k DER | ||
| 952 | |0 0 |1 0 |2 ddc |3 erb |4 0 |6 189_400000000000000_GUZ_2009 |7 1 |8 C_LRYV |9 421532 |a BIBDER |b BIBDER |i 5114594 |o 189.4 GUZ 2009 |p 5114594 |r 2023-01-25 |w 2019-11-22 |y BK_X |z Catalogado en:20140925 |k BRV | ||